[Event "LSS BI-2009-F-00005"]
[Site "LSS email"]
[Date "2010.02.15"]
[Round "?"]
[White "Launhardt, Wolfgang"]
[Black "Rodes, Sergio"]
[Result "1/2-1/2"]
[WhiteElo "2037"]
[BlackElo "1997"]
[PlyCount "76"]
[EventDate "2010.02.17"]
[EventType "tourn (corr)"]
[EventRounds "10"]
[EventCountry "GER"]
[SourceTitle "Telechess CBM 141"]
[Source "ChessBase"]
[SourceDate "2011.03.17"]
[SourceVersion "1"]
[SourceVersionDate "2011.03.17"]
[SourceQuality "1"]

1. e4 e6 2. c4 d5 3. cxd5 exd5 4. e5 c5 5. Nf3 Nc6 6. Bb5 Nge7 7. 0-0 a6 8. Bxc6+ Nxc6 9. Na3 g5 10. d4 g4 11. Bg5 Be7 12. Bxe7 Qxe7 13. Nd2 Nxd4 14. Nb3 Nxb3 15. axb3 Be6 16. b4 cxb4 17. Nc2 Rc8 18. Ne3 h5 19. Qd2 Rc5 20. Rac1 Rxc1 21. Rxc1 0-0 22. Nxd5 Bxd5 23. Qxd5 Re8 24. Re1 Qd8 25. Qe4 Qd2 26. h3 gxh3 27. Re3 Qxb2 28. Qxb7 Qd4 29. Rf3 h2+ 30. Kxh2 Qxe5+ 31. g3 Re7 32. Qxb4 a5 33. Qd2 Re6 34. Ra3 Ra6 35. Rd3 h4 36. Rd8+ Kg7 37. Rd5 hxg3+ 38. fxg3 Qf6 1/2-1/2

[Event "LSS BI-2009-F-00005"]
[Site "LSS email"]
[Date "2010.02.15"]
[Round "?"]
[White "Rodes, Sergio"]
[Black "Fages, Jorge Juan"]
[Result "1/2-1/2"]
[WhiteElo "1996"]
[BlackElo "2210"]
[PlyCount "90"]
[EventDate "2010.02.17"]
[EventType "tourn (corr)"]
[EventRounds "10"]
[EventCountry "GER"]
[SourceTitle "Telechess CBM 141"]
[Source "ChessBase"]
[SourceDate "2011.03.17"]
[SourceVersion "1"]
[SourceVersionDate "2011.03.17"]
[SourceQuality "1"]

1. d4 Nf6 2. c4 e6 3. Nf3 b6 4. g3 Ba6 5. b3 Bb4+ 6. Bd2 Be7 7. Bg2 c6 8. Bc3 d5 9. Ne5 Nfd7 10. Nxd7 Nxd7 11. Nd2 0-0 12. 0-0 Rc8 13. e4 c5 14. exd5 exd5 15. dxc5 dxc4 16. c6 cxb3 17. Re1 b2 18. Bxb2 Nc5 19. Ba3 Bf6 20. Rc1 Bg5 21. Rc2 Bb5 22. Nb3 Qxd1 23. Rxd1 Bxc6 24. Nxc5 Bxg2 25. Kxg2 Be7 26. Rd7 Rfe8 27. Rxa7 Bf8 28. Rd2 bxc5 29. Rdd7 f6 30. Kf3 Re1 31. Bb2 Rb1 32. Bc3 Rc1 33. Bd2 Rc2 34. a3 h5 35. Ke4 Ra2 36. Kf5 Kh7 37. f4 Kh6 38. Ke4 Re8+ 39. Kd3 Kg6 40. Rd5 c4+ 41. Kxc4 Re2 42. f5+ Kh7 43. Bc3 Rxa3 44. Rxa3 Bxa3 45. Rd2 Rxd2 1/2-1/2

[Event "LSS CP-2009-P-00039"]
[Site "LSS email"]
[Date "2009.09.27"]
[Round "?"]
[White "Lambert, Derek"]
[Black "Rodes, Sergio"]
[Result "0-1"]
[WhiteElo "858"]
[BlackElo "1985"]
[PlyCount "36"]
[EventDate "2009.10.01"]
[EventType "tourn (corr)"]
[EventRounds "6"]
[EventCountry "GER"]
[SourceTitle "Telechess CBM 137"]
[Source "ChessBase"]
[SourceDate "2010.07.15"]
[SourceVersion "1"]
[SourceVersionDate "2010.07.15"]
[SourceQuality "1"]

1. Nf3 Nf6 2. c4 g6 3. g3 Bg7 4. d4 0-0 5. Bg2 d6 6. 0-0 Nbd7 7. Nc3 e5 8. e4 exd4 9. Nxd4 Re8 10. Re1 a6 11. Bf4 Ne5 12. b3 Nh5 13. Be3 c5 14. Nde2 Bg4 15. f4 Nxc4 16. Qd3 Nxe3 17. Qxe3 Bxe2 18. Rxe2 Bd4 0-1

[Event "LSS BI-2009-P-00011"]
[Site "LSS email"]
[Date "2009.04.19"]
[Round "?"]
[White "Rodes, Sergio"]
[Black "Traczewski, Wojciech"]
[Result "1-0"]
[WhiteElo "1915"]
[BlackElo "1767"]
[PlyCount "59"]
[EventDate "2009.04.20"]
[EventType "tourn (corr)"]
[EventRounds "10"]
[EventCountry "GER"]
[SourceTitle "Corr 2011"]
[Source "ChessBase"]
[SourceDate "2010.08.31"]
[SourceVersion "1"]
[SourceVersionDate "2010.08.31"]
[SourceQuality "1"]

1. d4 Nf6 2. c4 g6 3. Nc3 d5 4. Nf3 Bg7 5. cxd5 Nxd5 6. e4 Nxc3 7. bxc3 c5 8. Rb1 0-0 9. Be2 cxd4 10. cxd4 Qa5+ 11. Qd2 Qxd2+ 12. Bxd2 e6 13. 0-0 b6 14. Rbc1 Bb7 15. Bb4 Rd8 16. Bb5 Bxe4 17. Be7 a6 18. Bxd8 axb5 19. Rc8 Bb7 20. Rfc1 Na6 21. Rxa8 Bxa8 22. Bxb6 Bb7 23. Ne5 Bh6 24. Rb1 b4 25. Nd7 Bg7 26. Nc5 Bxd4 27. Nxa6 Bxb6 28. Rxb4 Bxf2+ 29. Kxf2 Bxa6 30. a4 1-0

[Event "LSS WC-2013-P-00005"]
[Site "LSS email"]
[Date "2009.02.14"]
[Round "?"]
[White "Fages, Jorge Juan"]
[Black "Rodes, Sergio"]
[Result "1-0"]
[WhiteElo "2207"]
[BlackElo "1985"]
[PlyCount "173"]
[EventDate "2009.02.18"]
[EventType "tourn (corr)"]
[EventRounds "6"]
[EventCountry "GER"]
[SourceTitle "Telechess CBM 137"]
[Source "ChessBase"]
[SourceDate "2010.07.15"]
[SourceVersion "1"]
[SourceVersionDate "2010.07.15"]
[SourceQuality "1"]

1. e4 c5 2. Nf3 Nc6 3. d4 cxd4 4. Nxd4 g6 5. Nxc6 bxc6 6. Bc4 Bg7 7. 0-0 d6 8. Nc3 Nf6 9. e5 dxe5 10. Qxd8+ Kxd8 11. Re1 Rb8 12. Bb3 Ke8 13. Be3 Rb7 14. Rad1 h5 15. Rd2 e6 16. Bc5 Nd7 17. Bd6 Bf8 18. Ne4 Be7 19. h4 Rg8 20. g3 Nf6 21. Bxe5 Nxe4 22. Rxe4 c5 23. Ba4+ Kf8 24. b3 f6 25. Bc3 Rb6 26. Bd7 Kf7 27. Bxc8 Rxc8 28. Rd7 Ra6 29. Bxf6 Kxf6 30. Rf4+ Ke5 31. Rxe7 Rxa2 32. Rc4 Rc6 33. Rd7 a5 34. Kg2 Kf6 35. Kf3 e5 36. Ke4 Ra1 37. Rc3 Ra6 38. Rxc5 a4 39. bxa4 R6xa4+ 40. Kf3 R1a3+ 41. c3 Ra6 42. Rc8 Ke6 43. Rg7 Kf6 44. Rgg8 Rd6 45. Rgf8+ Ke6 46. Ke3 Ra1 47. Rce8+ Kd5 48. Rd8 Rxd8 49. Rxd8+ Ke6 50. c4 Re1+ 51. Kd2 Rf1 52. Re8+ Kf5 53. Rf8+ Ke6 54. c5 Ra1 55. c6 Ra7 56. Rg8 Kf6 57. Rc8 Ke6 58. Kd3 Kd5 59. Rg8 Ra3+ 60. Ke2 Kxc6 61. Rxg6+ Kd5 62. Rg5 Ra2+ 63. Kf1 Ke6 64. Rxh5 Kf6 65. g4 Ra4 66. g5+ Kg7 67. Rh6 Rf4 68. h5 Rh4 69. Ke2 Rh2 70. Kf3 e4+ 71. Kxe4 Rxf2 72. Rd6 Rf8 73. Ke5 Re8+ 74. Kf5 Rf8+ 75. Rf6 Ra8 76. h6+ Kg8 77. g6 Ra5+ 78. Kf4 Ra1 79. Rd6 Rf1+ 80. Kg3 Rf8 81. Kg4 Ra8 82. Kg5 Ra5+ 83. Kf6 Ra8 84. h7+ Kh8 85. Kg5 Kg7 86. Rd7+ Kh8 87. Kh6 1-0

[Event "LSS OP-2008-0-00709"]
[Site "LSS email"]
[Date "2009.01.02"]
[Round "?"]
[White "Santo, Moises"]
[Black "Rodes, Sergio"]
[Result "0-1"]
[WhiteElo "1533"]
[BlackElo "1887"]
[PlyCount "108"]
[EventDate "2009.01.01"]
[EventType "tourn (corr)"]
[EventRounds "4"]
[EventCountry "GER"]
[SourceTitle "Corr 2011"]
[Source "ChessBase"]
[SourceDate "2010.08.31"]
[SourceVersion "1"]
[SourceVersionDate "2010.08.31"]
[SourceQuality "1"]

1. d4 c6 2. c4 d5 3. Nc3 Nf6 4. cxd5 cxd5 5. f3 e6 6. e4 dxe4 7. fxe4 Bb4 8. Qd3 0-0 9. Nf3 b6 10. Bg5 h6 11. Bh4 Ba6 12. Qc2 Bb7 13. Bd3 Nc6 14. a3 Be7 15. Bf2 Rc8 16. Rd1 Ng4 17. Bg1 Na5 18. h3 Nf6 19. Bh2 b5 20. 0-0 Qb6 21. Qe2 b4 22. axb4 Bxb4 23. Na2 Nc6 24. Kh1 Ba5 25. e5 Nd5 26. Qe4 g6 27. Qh4 Kg7 28. Bf4 Nxf4 29. Qf6+ Kh7 30. Qxf4 Qb3 31. Nc3 Nb4 32. Be4 Bxe4 33. Nxe4 Nd5 34. Qg3 Kg7 35. Nc5 Qxb2 36. Nh4 g5 37. Nd7 Rfd8 38. Nf6 Rc3 39. Qg4 Qc2 40. Ne4 Ne3 41. Qf3 Rd7 42. Nxc3 Nxf1 43. Qf6+ Kh7 44. Qxf1 Bxc3 45. Nf3 Rc7 46. Rc1 Qf5 47. Qe2 Ba5 48. Rf1 Qc2 49. Qe3 Kg7 50. Ra1 Bb4 51. Nh2 Bd2 52. Qg1 a5 53. h4 a4 54. hxg5 hxg5 0-1

[Event "LSS OP-2008-0-00681"]
[Site "LSS email"]
[Date "2008.11.20"]
[Round "?"]
[White "Kepinski, Janusz"]
[Black "Rodes, Sergio"]
[Result "0-1"]
[WhiteElo "1669"]
[BlackElo "1739"]
[PlyCount "28"]
[EventDate "2008.11.18"]
[EventType "tourn (corr)"]
[EventRounds "4"]
[EventCountry "GER"]
[SourceTitle "Corr 2013"]
[Source "ChessBase"]
[SourceDate "2012.11.12"]
[SourceVersion "1"]
[SourceVersionDate "2012.11.12"]
[SourceQuality "1"]

1. d4 d5 2. c4 c6 3. e3 Nf6 4. Nf3 Bf5 5. Bd3 Bxd3 6. Qxd3 e6 7. 0-0 Nbd7 8. c5 Be7 9. b4 0-0 10. Bb2 h6 11. Nc3 b6 12. Rfe1 Qc7 13. Rac1 a5 14. a3 axb4 0-1

[Event "LSS OP-2008-0-00681"]
[Site "LSS email"]
[Date "2008.11.20"]
[Round "?"]
[White "Rodes, Sergio"]
[Black "Eilering, David L"]
[Result "1-0"]
[WhiteElo "1739"]
[BlackElo "1035"]
[PlyCount "53"]
[EventDate "2008.11.18"]
[EventType "tourn (corr)"]
[EventRounds "4"]
[EventCountry "GER"]
[SourceTitle "Corr 2011"]
[Source "ChessBase"]
[SourceDate "2010.08.31"]
[SourceVersion "1"]
[SourceVersionDate "2010.08.31"]
[SourceQuality "1"]

1. d4 d5 2. Nf3 Nf6 3. e3 Bf5 4. Bd3 Bxd3 5. Qxd3 c6 6. Nbd2 Nbd7 7. 0-0 e6 8. e4 dxe4 9. Nxe4 Be7 10. Bf4 Nxe4 11. Qxe4 Nf6 12. Qe2 0-0 13. c3 Qb6 14. Ne5 Rad8 15. Rad1 c5 16. dxc5 Bxc5 17. Bg5 Be7 18. Bxf6 Bxf6 19. Nd7 Qc7 20. Nxf8 Kxf8 21. Rxd8+ Qxd8 22. Rd1 Qc7 23. Qb5 Ke7 24. Qb4+ Ke8 25. Qa4+ Ke7 26. Qa3+ Ke8 27. Qxa7 1-0

[Event "LSS OP-2008-0-00674"]
[Site "LSS email"]
[Date "2008.11.10"]
[Round "?"]
[White "Rodes, Sergio"]
[Black "Schalkwijk, Peter H"]
[Result "1-0"]
[WhiteElo "1773"]
[BlackElo "1482"]
[PlyCount "43"]
[EventDate "2008.11.08"]
[EventType "tourn (corr)"]
[EventRounds "4"]
[EventCountry "GER"]
[SourceTitle "Corr 2011"]
[Source "ChessBase"]
[SourceDate "2010.08.31"]
[SourceVersion "1"]
[SourceVersionDate "2010.08.31"]
[SourceQuality "1"]

1. d4 Nf6 2. Nf3 d5 3. e3 Bg4 4. Nbd2 Nbd7 5. Bd3 e5 6. dxe5 Nxe5 7. Be2 Nxf3+ 8. Nxf3 Bd6 9. 0-0 0-0 10. b3 Bxf3 11. Bxf3 c6 12. Bb2 Re8 13. c4 dxc4 14. bxc4 Qe7 15. Rb1 Rad8 16. Qb3 Qc7 17. Bxf6 Bxh2+ 18. Kh1 gxf6 19. g3 Bxg3 20. Rg1 Kh8 21. Rxg3 Rd2 22. Qxb7 1-0

[Event "LSS SC-2008-0-00018"]
[Site "LSS email"]
[Date "2008.11.02"]
[Round "?"]
[White "Laureles, Raymundo"]
[Black "Rodes, Sergio"]
[Result "0-1"]
[WhiteElo "1673"]
[BlackElo "1739"]
[PlyCount "80"]
[EventDate "2008.10.02"]
[EventType "tourn (corr)"]
[EventRounds "6"]
[EventCountry "GER"]
[SourceTitle "Corr 2011"]
[Source "ChessBase"]
[SourceDate "2010.08.31"]
[SourceVersion "1"]
[SourceVersionDate "2010.08.31"]
[SourceQuality "1"]

1. e4 c6 2. Nc3 d5 3. Nf3 dxe4 4. Nxe4 Nf6 5. Nxf6+ gxf6 6. d4 Bf5 7. Bf4 e6 8. Qd2 Bd6 9. Bh6 Nd7 10. 0-0-0 Qe7 11. Bd3 Bg6 12. h4 0-0-0 13. h5 Bxd3 14. Qxd3 f5 15. Bg7 Rhg8 16. h6 Nf6 17. g3 Kb8 18. Kb1 Ne8 19. Be5 f6 20. Bxd6+ Nxd6 21. c3 Rg4 22. Nd2 e5 23. Qe2 Qe6 24. dxe5 fxe5 25. Nf3 e4 26. Rh5 Qg6 27. Nd4 Qxh5 28. Ne6 Rd7 29. Nc5 Qf7 30. Nxd7+ Qxd7 31. Qd2 Rg6 32. c4 Qe6 33. c5 Nf7 34. Qa5 Rxh6 35. a4 Rh2 36. Qc3 Rxf2 37. Qg7 e3 38. Qg8+ Kc7 39. Rd6 Rf1+ 40. Kc2 Qc4# 0-1

[Event "LSS SC-2008-0-00018"]
[Site "LSS email"]
[Date "2008.11.02"]
[Round "?"]
[White "Rodes, Sergio"]
[Black "Traczewski, Wojciech"]
[Result "1/2-1/2"]
[WhiteElo "1773"]
[BlackElo "1801"]
[PlyCount "78"]
[EventDate "2008.10.02"]
[EventType "tourn (corr)"]
[EventRounds "6"]
[EventCountry "GER"]
[SourceTitle "Corr 2011"]
[Source "ChessBase"]
[SourceDate "2010.08.31"]
[SourceVersion "1"]
[SourceVersionDate "2010.08.31"]
[SourceQuality "1"]

1. d4 d5 2. Nf3 Nf6 3. e3 e6 4. Bd3 c5 5. c3 Nc6 6. 0-0 Bd6 7. Nbd2 0-0 8. dxc5 Bxc5 9. e4 Qc7 10. Qe2 Bd6 11. Re1 Ng4 12. h3 Nge5 13. Nxe5 Nxe5 14. exd5 exd5 15. Nf3 Nxd3 16. Qxd3 Qc4 17. Rd1 Qxd3 18. Rxd3 Rd8 19. Be3 Bf5 20. Rd2 h6 21. Rad1 Be4 22. Nd4 Re8 23. f3 Bxf3 24. Nxf3 Rxe3 25. Rxd5 Bg3 26. Rd7 b6 27. Kf1 Rae8 28. Rd8 Kf8 29. Rxe8+ Kxe8 30. Nd4 Re4 31. Nb5 a6 32. Nd6+ Bxd6 33. Rxd6 Ra4 34. a3 b5 35. Ke2 Ke7 36. Rb6 h5 37. Ke3 h4 38. Rb8 g5 39. Rb6 Kd7 1/2-1/2

[Event "LSS SC-2008-0-00018"]
[Site "LSS email"]
[Date "2008.11.02"]
[Round "?"]
[White "Rodes, Sergio"]
[Black "Van der Waal, Michael"]
[Result "1-0"]
[WhiteElo "2020"]
[BlackElo "1710"]
[PlyCount "21"]
[EventDate "2008.10.02"]
[EventType "tourn (corr)"]
[EventRounds "6"]
[EventCountry "GER"]
[SourceTitle "Corr 2013"]
[Source "ChessBase"]
[SourceDate "2012.11.12"]
[SourceVersion "1"]
[SourceVersionDate "2012.11.12"]
[SourceQuality "1"]
[WhiteTeam "US of America"]
[BlackTeam "US of America"]
[WhiteTeamCountry "USA"]
[BlackTeamCountry "USA"]

1. d4 c6 2. Nf3 Nf6 3. e3 d5 4. Bd3 e6 5. 0-0 Bd6 6. Nbd2 Qc7 7. Qe2 0-0 8. e4 dxe4 9. Nxe4 Nxe4 10. Qxe4 Nd7 11. Qxh7# 1-0

[Event "LSS BI-2008-P-00022"]
[Site "LSS email"]
[Date "2008.04.27"]
[Round "?"]
[White "Rodes, Sergio"]
[Black "Kriksciunas, Bronislavas"]
[Result "1/2-1/2"]
[WhiteElo "2020"]
[BlackElo "2241"]
[PlyCount "159"]
[EventDate "2008.04.27"]
[EventType "tourn (corr)"]
[EventRounds "10"]
[EventCountry "GER"]
[SourceTitle "Corr 2013"]
[Source "ChessBase"]
[SourceDate "2012.11.12"]
[SourceVersion "1"]
[SourceVersionDate "2012.11.12"]
[SourceQuality "1"]
[WhiteTeam "US of America"]
[BlackTeam "US of America"]
[WhiteTeamCountry "USA"]
[BlackTeamCountry "USA"]

1. d4 Nf6 2. Nf3 e6 3. e3 b6 4. Bd3 Bb7 5. Nbd2 c5 6. 0-0 Be7 7. b3 0-0 8. Bb2 Nc6 9. a3 cxd4 10. exd4 Rc8 11. Re1 Re8 12. Rc1 d5 13. c4 dxc4 14. bxc4 Bf8 15. h3 g6 16. Rb1 Bg7 17. Qe2 Qc7 18. Qe3 Ne7 19. Qe2 Nh5 20. Be4 Nf4 21. Qf1 Nc6 22. g3 Nh5 23. Ne5 Red8 24. Nxc6 Bxc6 25. Bxc6 Qxc6 26. Qd3 Nf6 27. Rbc1 Nd7 28. Qe3 Nc5 29. h4 Qd7 30. Nf3 Qa4 31. Ng5 Rf8 32. dxc5 Bxb2 33. Rb1 Qxa3 34. Qxa3 Bxa3 35. cxb6 axb6 36. Rxb6 Rxc4 37. Rb7 Bc5 38. Ne4 Bd4 39. Re2 Rfc8 40. Rd7 R8c7 41. Rd8+ Kg7 42. Nd6 Rc1+ 43. Kg2 R7c2 44. Rxc2 Rxc2 45. Ne8+ Kf8 46. Rxd4 Kxe8 47. Kf3 h5 48. Rb4 Ke7 49. Ke3 e5 50. Rb6 f6 51. f4 Rc3+ 52. Ke4 Rc4+ 53. Kd3 Rd4+ 54. Ke3 Kf7 55. fxe5 fxe5 56. Ra6 Rg4 57. Kf3 Rb4 58. Rc6 Rb3+ 59. Ke4 Rxg3 60. Kxe5 Kg7 61. Rc4 Rf3 62. Rf4 Re3+ 63. Kd4 Ra3 64. Ke4 Rb3 65. Kd4 g5 66. hxg5 Kg6 67. Ke4 Kxg5 68. Rf8 Kg4 69. Rg8+ Kh3 70. Kf4 h4 71. Rg7 Kh2 72. Rg8 h3 73. Rg7 Rb2 74. Rg8 Rf2+ 75. Ke3 Rf1 76. Rg7 Kh1 77. Rg8 h2 78. Ra8 Rf5 79. Rg8 Rf1 80. Ra8 1/2-1/2

[Event "LSS BI-2008-P-00022"]
[Site "LSS email"]
[Date "2008.04.27"]
[Round "?"]
[White "Yarmolyuk, Yury"]
[Black "Rodes, Sergio"]
[Result "0-1"]
[WhiteElo "2071"]
[BlackElo "1512"]
[PlyCount "118"]
[EventDate "2008.04.27"]
[EventType "tourn (corr)"]
[EventRounds "10"]
[EventCountry "GER"]
[SourceTitle "Corr 2011"]
[Source "ChessBase"]
[SourceDate "2010.08.31"]
[SourceVersion "1"]
[SourceVersionDate "2010.08.31"]
[SourceQuality "1"]

1. b4 e5 2. Bb2 Bxb4 3. Bxe5 Nf6 4. e3 0-0 5. Bb2 d5 6. Nf3 Re8 7. a3 Bd6 8. Be2 c5 9. c4 d4 10. exd4 Qb6 11. Bc3 Nc6 12. dxc5 Bxc5 13. Bxf6 Bxf2+ 14. Kf1 gxf6 15. Nc3 Bd4 16. Rb1 Qd8 17. Nd5 Be6 18. Rxb7 Bb6 19. Qa4 Rc8 20. Nxb6 axb6 21. c5 bxc5 22. Qf4 Kh8 23. Bb5 Bd5 24. Qf5 Nd4 25. Nxd4 Re5 26. Rd7 Rxf5+ 27. Nxf5 Qe8 28. Ne3 Qe5 29. Rxd5 Qa1+ 30. Kf2 Qxh1 31. h3 Qh2 32. a4 Qf4+ 33. Ke2 Kg8 34. Rf5 Qb4 35. Rd5 Qa5 36. d3 Qb6 37. Nf5 Rd8 38. Rxd8+ Qxd8 39. Ne3 Kg7 40. Kf3 Kg6 41. g3 f5 42. Ng2 Qd5+ 43. Kf2 Qd4+ 44. Kf3 Qg1 45. Nf4+ Kg5 46. h4+ Kf6 47. Ne2 Qf1+ 48. Ke3 Qg2 49. a5 f4+ 50. gxf4 Qh3+ 51. Kd2 Qxh4 52. a6 Qh1 53. Nc3 h5 54. Ne4+ Ke7 55. Bc6 Qa1 56. Bb7 h4 57. Nf2 Kd7 58. Ke2 Kc7 59. Kf3 Kb6 0-1

[Event "LSS RD-2008-0-00005"]
[Site "LSS email"]
[Date "2008.04.17"]
[Round "?"]
[White "Cabrera Trujillo, Claudio Tomas"]
[Black "Rodes, Sergio"]
[Result "0-1"]
[WhiteElo "1495"]
[BlackElo "1480"]
[PlyCount "37"]
[EventDate "2008.03.21"]
[EventType "tourn (corr)"]
[EventRounds "6"]
[EventCountry "GER"]
[SourceTitle "Corr 2011"]
[Source "ChessBase"]
[SourceDate "2010.08.31"]
[SourceVersion "1"]
[SourceVersionDate "2010.08.31"]
[SourceQuality "1"]

1. d4 Nf6 2. c4 g6 3. Nc3 d5 4. cxd5 Nxd5 5. e4 Nxc3 6. bxc3 Bg7 7. Bc4 c5 8. Ne2 Nc6 9. Be3 0-0 10. 0-0 Bg4 11. f3 Bd7 12. Rb1 Qc7 13. Qd2 Rfd8 14. Rfd1 cxd4 15. Bh6 dxc3 16. Nxc3 Bxh6 17. Qxh6 Ne5 18. Nd5 Qxc4 19. Nxe7+ 0-1

[Event "LSS RD-2008-0-00003"]
[Site "LSS email"]
[Date "2008.03.13"]
[Round "?"]
[White "Vio, Mauro"]
[Black "Rodes, Sergio"]
[Result "0-1"]
[WhiteElo "1476"]
[BlackElo "1463"]
[PlyCount "110"]
[EventDate "2008.02.24"]
[EventType "tourn (corr)"]
[EventRounds "6"]
[EventCountry "GER"]
[SourceTitle "Corr 2011"]
[Source "ChessBase"]
[SourceDate "2010.08.31"]
[SourceVersion "1"]
[SourceVersionDate "2010.08.31"]
[SourceQuality "1"]

1. d4 Nf6 2. Nf3 g6 3. e3 d5 4. Bd3 Bg7 5. 0-0 0-0 6. Nc3 Nbd7 7. h3 b6 8. e4 dxe4 9. Nxe4 Bb7 10. Nxf6+ Nxf6 11. Re1 Qd6 12. c3 c5 13. dxc5 Qxc5 14. Be3 Qc7 15. Bd4 Rad8 16. Qe2 Nd5 17. Bxg7 Kxg7 18. Be4 Nf4 19. Qe3 Bxe4 20. Qxe4 Nd3 21. Re2 e5 22. a3 f5 23. Qh4 h6 24. Qg3 Rfe8 25. a4 Nf4 26. Re3 Nh5 27. Qh2 f4 28. Re2 Qc4 29. Rae1 Rd1 30. Rxd1 Qxe2 31. Rd2 Qe4 32. Kh1 Qxa4 33. Qg1 e4 34. Nd4 e3 35. Re2 exf2 36. Rxf2 Re4 37. Kh2 Ng3 38. Qb1 a5 39. Qd3 Qd7 40. Qf3 g5 41. Qd1 Qd5 42. Rd2 Qc4 43. Kg1 Qa4 44. Nc2 Re7 45. Kh2 Qb5 46. Nd4 Qc4 47. Kg1 Kf6 48. Rd3 Rd7 49. Kh2 Nf5 50. b3 Qd5 51. Rd2 Ne3 52. Qe1 Qe4 53. Kg1 b5 54. Qa1 a4 55. bxa4 bxa4 0-1

[Event "LSS OP-2008-0-00493"]
[Site "LSS email"]
[Date "2008.03.10"]
[Round "?"]
[White "Borisov, Simeon V"]
[Black "Rodes, Sergio"]
[Result "0-1"]
[WhiteElo "885"]
[BlackElo "846"]
[PlyCount "54"]
[EventDate "2008.03.08"]
[EventType "tourn (corr)"]
[EventRounds "4"]
[EventCountry "GER"]
[SourceTitle "Corr 2011"]
[Source "ChessBase"]
[SourceDate "2010.08.31"]
[SourceVersion "1"]
[SourceVersionDate "2010.08.31"]
[SourceQuality "1"]

1. e4 c6 2. d4 d5 3. Nc3 dxe4 4. Nxe4 Bf5 5. Ng3 Bg6 6. h4 h6 7. h5 Bh7 8. Bd3 Bxd3 9. Qxd3 Nf6 10. Nf3 Nbd7 11. Bf4 Qa5+ 12. Bd2 Qc7 13. Ne4 e6 14. c4 Be7 15. g3 Nxe4 16. Qxe4 0-0 17. g4 c5 18. d5 exd5 19. Qxd5 Nb6 20. Qd3 Rad8 21. Qf5 Bf6 22. g5 Bxb2 23. Rb1 Nxc4 24. gxh6 Rfe8+ 25. Kd1 Qa5 26. Qc2 Nxd2 27. Nxd2 Rxd2+ 0-1